MARC

LEADER 00000nam0a2200000 4500
001 252311
005 20240926161755.0
035 |a (RuTPU)RU\TPU\book\274642 
090 |a 252311 
100 |a 20140228d1989 m y0rusy5003 ca 
101 0 |a rus 
102 |a RU 
105 |a a z 000zy 
200 1 |a Уроки второго фронта, или Могла ли Европа разделить судьбу Хиросимы и Нагасаки?  |f А. Ю. Борисов 
210 |a Москва  |c Изд-во агентства печати "Новости"  |d 1989 
215 |a 120 с. 
606 |a Дипломатия в период Второй мировой войны 1939-1945  |9 81308 
610 1 |a второй фронт 
610 0 |a фронт 
610 1 |a военные операции 
610 1 |a ядерное оружие 
610 1 |a дипломатия 
610 1 |a фашизм 
610 1 |a 20 век 
686 |a Т3(0)62-6  |2 rubbk 
700 1 |a Борисов  |b А. Ю.  |g Александр Юрьевич 
801 0 |a RU  |b RuMRKP  |c 19950417  |g psbo 
801 1 |a RU  |b 63413507  |c 20140228 
801 2 |a RU  |b 63413507  |c 20140324  |g RCR 
942 |c BK